[Collection of photographs showing nos. 19 and 20 Portugal Street before rebuilding, and an architect's drawing of the proposed new building on the site for the College of Estate Management] (Record no. 116546)
[ view plain ]
| 000 -LEADER | |
|---|---|
| fixed length control field | 00654ckc a22001935a 4500 |
| 001 - CONTROL NUMBER | |
| control field | L141017 |
| 008 - FIXED-LENGTH DATA ELEMENTS--GENERAL INFORMATION | |
| fixed length control field | 071025n xxk eng u |
| 035 ## - SYSTEM CONTROL NUMBER | |
| System control number | (Sirsi) u141017 |
| 041 0# - LANGUAGE CODE | |
| Language code of text/sound track or separate title | eng |
| 245 01 - TITLE STATEMENT | |
| Title | [Collection of photographs showing nos. 19 and 20 Portugal Street before rebuilding, and an architect's drawing of the proposed new building on the site for the College of Estate Management] |
| Medium | [graphic] |
| 260 ## - PUBLICATION, DISTRIBUTION, ETC. | |
| Date of publication, distribution, etc. | [ca. 1920] |
| 300 ## - PHYSICAL DESCRIPTION | |
| Extent | 2 photographs |
| Other physical details | b&w |
| Dimensions | 18 x 14 cm. and 19 x 16 cm. |
| 340 ## - PHYSICAL MEDIUM | |
| Material base and configuration | Photograph |
| 351 ## - ORGANIZATION AND ARRANGEMENT OF MATERIALS | |
| Hierarchical level | Fonds |
| 610 24 - SUBJECT ADDED ENTRY--CORPORATE NAME | |
| Corporate name or jurisdiction name as entry element | College of Estate Management |
| 9 (RLIN) | 400 |
| 651 4# - SUBJECT ADDED ENTRY--GEOGRAPHIC NAME | |
| Geographic name | London |
| 690 ## - LOCAL SUBJECT ADDED ENTRY--TOPICAL TERM (OCLC, RLIN) | |
| Topical term or geographic name as entry element | ABOUT RICS |
| 942 ## - ADDED ENTRY ELEMENTS (KOHA) | |
| Suppress in OPAC | 0 |
| Withdrawn status | Lost status | Source of classification or shelving scheme | Damaged status | Not for loan | Home library | Current library | Shelving location | Date acquired | Total Checkouts | Full call number | Barcode | Date last seen | Copy number | Price effective from | Koha item type |
|---|---|---|---|---|---|---|---|---|---|---|---|---|---|---|---|
| Dewey Decimal Classification | Historic collection | Historic collection | Historic collection | 25/10/2007 | MAP CABINET DRAWER 2 | 141017-2001 | 06/08/2019 | 1 | 06/08/2019 | Archive |